Building a community program for tuberculosis control; (Record no. 38658)

MARC details
000 -LEADER
fixed length control field 00645cam a22002171 4500
001 - CONTROL NUMBER
control field med47002641
003 - CONTROL NUMBER IDENTIFIER
control field DLC
005 - DATE AND TIME OF LATEST TRANSACTION
control field 20260227111606.0
008 - FIXED-LENGTH DATA ELEMENTS--GENERAL INFORMATION
fixed length control field 820128s1947 xx 000 0 eng
010 ## - LIBRARY OF CONGRESS CONTROL NUMBER
LC control number med47002641
035 ## - SYSTEM CONTROL NUMBER
System control number (OCoLC)14665986
040 ## - CATALOGING SOURCE
Original cataloging agency DLC
Transcribing agency DNLM
Modifying agency DLC
042 ## - AUTHENTICATION CODE
Authentication code premarc
050 00 - LIBRARY OF CONGRESS CALL NUMBER
Classification number RA644.T7
Item number N3
060 0# - NATIONAL LIBRARY OF MEDICINE CALL NUMBER
Classification number W6
Item number P3 v.5765
110 2# - MAIN ENTRY--CORPORATE NAME
Corporate name or jurisdiction name as entry element National Tuberculosis Association.
Subordinate unit Program Development Service.
245 10 - TITLE STATEMENT
Title Building a community program for tuberculosis control;
Remainder of title a guide for tuberculosis associations.
260 ## - PUBLICATION, DISTRIBUTION, ETC.
Place of publication, distribution, etc. New York,
Date of publication, distribution, etc. 1947.
300 ## - PHYSICAL DESCRIPTION
Extent viii, 46 p.
504 ## - BIBLIOGRAPHY, ETC. NOTE
Bibliography, etc. note Includes "References."

No items available.

Powered by Koha